000 002600000a22000970004500
100 1 _aBradshaw, Bruce
245 1 0 _aPreventing child explotation through community survival strategies
300 _aNúm 58 (1998), Páginas 1-5
773 0 _tTogether
942 _cANA
999 _c57125
_d57125